000 00607nam a2200229Ia 4500
003 OSt
005 20221007072142.0
006 a|||||r|||| 00| 0
007 ta
008 221006b |||||||| |||| 00| 0 eng d
024 _a7,567
037 _cTextual
040 _aFLL
_cFLL
_beng
041 _2eng
_aeng
082 _aX724.Z73, L1
100 _aMccarthy F. Au.
_9690149
245 0 _aFederal income tax
260 _aLondon
_bPrentice-hall international India
_c1971
300 _a741p
_ccm.
942 _hX724.Z73, L1
_cTEXL
_2CC
999 _c1145318
_d1145318